000 00735nam a22002297a 4500
005 20140911122518.0
008 131126b xxu||||| |||| 00| 0 pun d
010 _aPUN-
020 _c200.00
_a9788178564135
035 _aPN-
037 _bDBAD/PUB/
040 _adpl
_bpn
082 _a851
100 _aਜਗਜੀਤ ਮੁਕਤਸਰੀ
245 _aਰੱਬੀ ਜੋਤ /
_cਜਗਜੀਤ ਮੁਕਤਸਰੀ
246 _arabbi jyot
_bby Jagjit mukatsari
260 _aAmritsar
_bWaris Shah Foundation
_c2014
270 _bAmritsar
_a42, G T B Nagar
_k0183-2450520
_e143002
300 4 _a160p.
_c22ਸੇਂਮੀ (ਸਜਿਲੱਦ)
942 _2ddc
_cPN
_h851
_mਜਗਜੀ
999 _c88542
_d88542